Loading...

Conceit

Bibliographic Details
Main Author: Ruthven. K.K
Format: Printed Book
Language:English
Published: Metheun & Co. Metheun & Co. 1969
LEADER 00431nam a2200121Ia 4500
008 111205s9999 xx 000 0 eng d
100 |a Ruthven. K.K. 
245 |a Conceit  |c Ruthven. K.K. 
260 |b Metheun & Co.  |a Metheun & Co.  |c 1969 
300 |a 0 
942 |c BK 
999 |c 215850  |d 215850 
952 |0 0  |1 0  |2 ddc  |4 0  |6 E_821_090000000000000_RUT_C  |7 0  |9 238642  |a MAL  |b MAL  |c ST1  |d 2006-10-17  |g 0.00  |l 0  |o E 821.09 RUT/C  |p MAL4361  |r 2015-04-13  |v 0.00  |w 2015-04-13  |y BK